| 000 | 00584nam a2200121 4500 | ||
|---|---|---|---|
| 050 | _aTP155 MR5 B4 2009 | ||
| 082 | _a628.161 B4d | ||
| 100 | _aBenitez Leana, José Gilberto | ||
| 245 | _aDeterminación de las variables físicas y químicas que afectan la distribución de los indicadores biológicos de la calidad del agua en la parte alta del Río Balsas / José Gilberto Benitez Leana | ||
| 300 | _a80 p. / 28 cm | ||
| 502 | _aMemoria de residencia profesional. Opción x. I.T.Z. (Quimica) M.I. Dimna Edaly Alarcón Hern ndez | ||
| 650 | _a1. ANALISIS DEL AGUA 2. CALIDAD DEL AGUA | ||
| 999 |
_c24095 _d24095 |
||